El congreso de Viena

Saved in:
Bibliografiske detaljer
Hovedforfatter: Nicolson, Harold (autor)
Format: Bog
Sprog:spansk
Udgivet: Madrid, España SARPE 1985
Fag:
Tags: Tilføj Tag
Ingen Tags, Vær først til at tagge denne postø!

MARC

LEADER 00000nam a2200000 a 4500
001 UCO0317
003 CL-VaPUC
005 20250225121038.0
008 000420e19850000SP |||||||||||||||||spa|d
999 |c 287030  |d 287028 
040 |c Pontificia Universidad Católica de Valparaíso 
082 0 4 |a 940.27 NIC 1985  |2 21 
100 |a Nicolson, Harold  |e autor  |9 377787 
245 1 3 |a El congreso de Viena 
260 |a Madrid, España  |b SARPE  |c 1985 
300 |a 290 páginas 
583 |a last modification  |c 20120830 10:20:52  |k Rodrigo Vera 
650 7 |a HISTORIA DE EUROPA 1814-1815  |2 CL-VaPUC  |9 441515 
650 0 |a Historia contemporánea  |z EUROPA  |9 343224 
650 0 |a Congreso de Viena  |9 404326 
942 |c BK  |2 ddc 
945 |d 20000420 00:00:00  |a rherrera 
952 |0 0  |1 0  |2 ddc  |4 0  |6 940_270000000000000_NIC_1985  |7 0  |8 A  |9 333418  |a BIBHIS  |b BIBHIS  |d 2019-11-20  |i 126463K  |o 940.27 NIC 1985  |p 126463K  |r 2025-01-20  |t 1  |w 2019-11-20  |y BK  |k HIS